Ensayos económicos los orígenes del capitalismo moderno /

Shranjeno v:
Bibliografske podrobnosti
Glavni avtor: Hume, David, 1711-1776
Drugi avtorji: Ugarte Pérez, Javier, 1963-
Format: Elektronski eKnjiga
Jezik:španščina
angleščina
Izdano: Madrid : Biblioteca Nueva, 2008.
Serija:Clásicos del pensamiento (Biblioteca Nueva (Firm)) ; 54.
Digitalia eBook Collection: Biblioteca Nueva
Teme:
Online dostop:Digitalia Hispánica
Oznake: Označite
Brez oznak, prvi označite!

MARC

LEADER 00000nam a2200000Ia 4500
001 DIGBIN01554
003 NyNyDIG
006 m d
007 cr |||||||||||
008 100625s2008 sp ob 000 0 spa
020 |z 8497427890 (pbk.) 
020 |z 9788497427890 (pbk.) 
040 |a DGITA  |b eng  |e pn  |c DGITA 
041 1 |a spa  |h eng 
050 0 0 |a HB161 ebook 
100 1 |a Hume, David,   |d 1711-1776. 
240 1 0 |a Essays  |l Spanish.  |k Selections.  |f 2008 
245 1 0 |a Ensayos económicos   |h [electronic resource] :  |b los orígenes del capitalismo moderno /   |c David Hume ; edición y traducción de Javier Ugarte Pérez. 
260 |a Madrid :  |b Biblioteca Nueva,   |c 2008.  |e (New York, NY. :  |f Digitalia Inc,   |g 2012). 
300 |a 1 online resource (175 p.) 
490 1 |a Clásicos del pensamiento ;  |v 54. 
504 |a Includes bibliographical references (p. 37-38). 
505 0 |a Introducción - Bibliografía -- Cronología -- Ensayos económicos: I Sobre el comercio -- II. Sobre el refinamiento en las artes -- III. Sobre el dinero -- IV. Sobre el interés -- V. Sobre la balanza comercial -- VI. Sobre la envidia en el comercio -- VII. Sobre el equilibrio de poder -- VIII. Sobre los impuestos -- IX. Sobre el crédito público. 
506 |a Access restricted to subscribing institutions. 
546 |a Spanish from English 
650 0 |a Economics. 
650 0 |a Political science. 
655 0 |a Electronic books. 
700 1 |a Ugarte Pérez, Javier,   |d 1963- 
791 2 |a Digitalia (Firm),  |e distributor. 
830 0 |a Clásicos del pensamiento (Biblioteca Nueva (Firm)) ;  |v 54. 
830 0 |a Digitalia eBook Collection: Biblioteca Nueva 
856 4 0 |3 Digitalia Hispánica  |u https://digitalia.unach.elogim.com/a/76/